Κατάλογος Βιβλιοθηκών Mediterranean College

Statistics with Confidence / Confidence Intervals and Statistical Guidelines (Record no. 3897)

MARC details
000 -LEADER
fixed length control field 01442cam a22002174a 4500
005 - ΗΜΕΡΟΜΗΝΙΑ ΚΑΙ ΩΡΑ ΤΕΛΕΥΤΑΙΑΣ ΕΝΗΜΕΡΩΣΗΣ
Πεδίο ελέγχου 20250605164128.0
008 - FIXED-LENGTH DATA ELEMENTS--GENERAL INFORMATION
Πεδίο ελέγχου σταθερού μήκους 250528s ||||||||||||||||||||||||d
035 ## - SYSTEM CONTROL NUMBER
System control number 18542
020 ## - ISBN
ISBN 727902229
040 ## - ΠΗΓΗ ΚΑΤΑΛΟΓΟΓΡΑΦΗΣΗΣ
Φορέας πρωτότυπης καταλογογράφησης MC Athens Campus Library
Γλώσσα καταλογογράφησης Ελληνικά, Μοντέρνα (1453-)
Modifying agency MC Athens Campus Library
Κανόνες περιγραφικής καταλογογράφησης AACR2
245 1# - ΤΙΤΛΟΣ ΚΑΙ ΔΗΛΩΣΗ ΥΠΕΥΘΥΝΟΤΗΤΑΣ
Τίτλος Statistics with Confidence / Confidence Intervals and Statistical Guidelines
250 ## - EDITION STATEMENT
Edition statement 1st
260 ## - PUBLICATION, DISTRIBUTION, ETC.
Name of publisher, distributor, etc. Brooks/Cole Publishing Company,
Date of publication, distribution, etc. 1989
300 ## - PHYSICAL DESCRIPTION
Extent 142
520 ## - SUMMARY, ETC.
Summary, etc. An essential handbook for everybody using statistical methods. Introduction, Estimation and Confidence Internals, Estimating with Confidence, Estimation Rather than Hypothesis Testing: Confidence Intervals Rather than P Values, Calculating Confidence Intervals for Means and Their Differences, Calculating Confidence Intervals for Proportions and Their Differences, Calculating Confidence Intervals for Regression and Correlation, Calculating Confidence Intervals for Relative Risks and Odds Ratios and Standardized Ratios and Rates, Calculating Confidence Intervals for Survival Time Analyses, Calculating Confidence Intervals for Some Non-Parametric Analyses, Statistical Guidelines and Check Lists, Statistical Guidelines for Contributors to Medical Journals, Use of Check Lists in Assessing the Statistical Content of Medical Studies, Tables, Notation, Index.
700 1# - ΠΡΟΣΘΕΤΗ ΑΝΑΓΡΑΦΗ--ΦΥΣΙΚΟ ΠΡΟΣΩΠΟ
Personal name Altman Douglas G.
9 (RLIN) 4812
700 1# - ΠΡΟΣΘΕΤΗ ΑΝΑΓΡΑΦΗ--ΦΥΣΙΚΟ ΠΡΟΣΩΠΟ
Personal name Gardner Martin J
9 (RLIN) 4813
942 ## - ADDED ENTRY ELEMENTS (KOHA)
Koha item type Books
Holdings
Τύπος τεκμηρίου Βιβλιοθήκη Τρέχουσα τοποθεσία Barcode Αριθμός εισαγωγής Ημερομηνία απόκτησης Ταξιθετικό σύμβολο Αριθμός αντιτύπου Κατάσταση απόσυρσης Κατάσταση χαμένου Κατάσταση κατεστραμμένου Μη δανεισμός Σύνολο δανεισμών Ημερομηνία τελευταίας εμφάνισης Η τιμή ισχύει από
Books MC Athens Campus Library MC Athens Campus Library 9780000038968 3238 05/06/2025 519.4 GAR 1           05/06/2025 05/06/2025

MC Athens Campus Library
Πατησίων 94 & Κοδριγκτώνος 13, 104 34
Πελλήνης 8 & Πατησίων 107, 112 51
Τ: +30 210 8899600

MC Thessaloniki Campus Library
Ίωνος Δραγούμη 21, 54625 | Ίωνος Δραγούμη 15, 54625
Τ: +30 2310 287779 – Τ: +30 2314 440300